logo

Bir Sreshtho Munshi Abdur Rouf Library
Jhenaidah Cadet College

The road less traveled : (Record no. 3477)

MARC details
000 -LEADER
fixed length control field 01201nam a2200385 4500
001 - CONTROL NUMBER
JCCL Control Number 3477
003 - CONTROL NUMBER IDENTIFIER
JCCL marc code MCM
005 - DATE AND TIME OF LATEST TRANSACTION
control field 20220303134022.0
008 - FIXED-LENGTH DATA ELEMENTS--GENERAL INFORMATION
fixed length control field 790518s1978 nyu b 000 0 eng
020 ## - INTERNATIONAL STANDARD BOOK NUMBER
International Standard Book Number 0743243153 (pbk.)
035 ## - SYSTEM CONTROL NUMBER
system control number MITb10234787
035 ## - SYSTEM CONTROL NUMBER
system control number (OCoLC)05101604
035 ## - SYSTEM CONTROL NUMBER
system control number GLIS00234787
035 ## - SYSTEM CONTROL NUMBER
system control number (OCoLC)10537793
040 ## - CATALOGING SOURCE
Original cataloging agency DLC
Transcribing agency DLC
Modifying agency MYG
041 ## - LANGUAGE CODE
Language code of Book eng
050 0# - LIBRARY OF CONGRESS CALL NUMBER
Classification number BF637.S4
Item number P43 1978
082 ## - DEWEY DECIMAL CLASSIFICATION NUMBER
Author mark and Year PEC 2003
DDC Edition number 21
Classification number 158.1
099 ## - LOCAL FREE-TEXT CALL NUMBER
Classification number BF637.S4.P43 1978
100 1# - MAIN ENTRY--PERSONAL NAME
Personal name Peck, M. Scott
Fuller form of name (Morgan Scott),
Dates associated with a name 1936-2005.
245 14 - TITLE STATEMENT
Title The road less traveled :
Remainder of title a new psychology of love, traditional values, and spiritual growth /
Statement of responsibility, etc M. Scott Peck.
260 ## - PUBLICATION, DISTRIBUTION, ETC. (IMPRINT)
Place of publication, distribution, etc New York :
Name of publisher, distributor, etc Simon and Schuster,
Date of publication, distribution, etc c1978.
300 ## - PHYSICAL DESCRIPTION
Pagination 316 p. ;
Dimensions 21 cm.
490 1# - SERIES STATEMENT
Series statement Touchstone book
504 ## - BIBLIOGRAPHY, ETC. NOTE
Bibliography, etc Includes bibliographical references.
650 #0 - SUBJECT ADDED ENTRY--TOPICAL TERM
Topical term or geographic name as entry element Self-actualization (Psychology)
650 #0 - SUBJECT ADDED ENTRY--TOPICAL TERM
Topical term or geographic name as entry element Maturation (Psychology)
650 #0 - SUBJECT ADDED ENTRY--TOPICAL TERM
Topical term or geographic name as entry element Interpersonal relations.
650 #0 - SUBJECT ADDED ENTRY--TOPICAL TERM
Topical term or geographic name as entry element Love
General subdivision Psychological aspects.
650 #0 - SUBJECT ADDED ENTRY--TOPICAL TERM
Topical term or geographic name as entry element Values.
650 #0 - SUBJECT ADDED ENTRY--TOPICAL TERM
Topical term or geographic name as entry element Spirituality.
830 #0 - SERIES ADDED ENTRY--UNIFORM TITLE
Uniform title Touchstone book.
942 ## - ADDED ENTRY ELEMENTS (KOHA)
Source of classification or shelving scheme Dewey Decimal Classification
Koha item type Books
Koha issues (borrowed), all copies 8
949 ## - LOCAL PROCESSING INFORMATION (OCLC)
a MYGH
b 39080003369433
Holdings
Source of classification or shelving scheme Damaged status Not for loan Home library Current library Shelving location Date of accession Total Checkouts Full call number Barcode Date last seen Date checked out Copy number Koha item type
Dewey Decimal Classification     JCC Rouf Library JCC Rouf Library General Stacks 11/13/2017 5 158.1 PEC 2003 3798 12/17/2025 11/19/2025 C-1 Books

JCC Library | Contacts | JCC Home

Last Update on 23 September 2017
Copyright @ 2017-2020 JCC Rouf Library
Rouf Library, Jhenidah Cadet College (JCC), Bangladesh